| 000 | 00000nam##2200000za#4500 |
| 001 | 9.603929 |
| 003 | CaOODSP |
| 005 | 20210624211322 |
| 007 | cr ||||||||||| |
| 008 | 150406|2001||||xxc|||||o f|0| 0 fre|d |
| 040 | |aCaOODSP|bfre |
| 043 | |an-cn--- |
| 086 | 1 |aH42-2/67-21-2000F-PDF |
| 110 | 1 |aCanada.|bSanté Canada. |bProgramme des produits thérapeutiques. |
| 245 | 10|aPréparation et caractérisation des substrats cellulaires utilisés pour la production de produits biologiques ou issus de la biotechnologie |h[ressource électronique] |
| 260 | |aOttawa - Ontario : |bSanté Canada. |cLe 5 janvier 2001, c2000. |
| 300 | |a24p.|bglossaire |
| 490 | 1 |aLigne directrice à l'intention de l'industrie |vICH thème Q5D |
| 500 | |aLe n° de catalogue (H42-2/67-21-2000F) et l'ISBN (0-662-84886-1) de l'édition imprimée ont été incorrectement copiés dans l'édition électronique. |
| 590 | |a12-21-Supp|b2012-05-18 |
| 691 | 07|aBiotechnologie|2gcpds |
| 691 | 07|aProduit biochimique|2gcpds |
| 775 | 08|tDerivation and characterization of cell substrates used for production of biotechnological / biological products |w(CaOODSP)9.573963 |
| 776 | 0#|tPréparation et caractérisation des substrats cellulaires utilisés pour la production de produits biologiques ou issus de la biotechnologie / |w(CaOODSP)9.625379 |
| 830 | #0|aLigne directrice à l'intention de l'industrie ;|vICH thème Q5D|w(CaOODSP)9.500885 |
| 856 | 40|ahttp://publications.gc.ca|qPDF|s79 Ko|uhttps://publications.gc.ca/collections/Collection/H42-2-67-21-2000F.pdf|yICH thème Q5D |